| 000 | 00467nam a2200145Ia 4500 | ||
|---|---|---|---|
| 041 | _aKurdish | ||
| 082 | _a631,1 cut-498 ك | ||
| 100 | _a20260118u\\\\\\\\\\\y0engy0103\\\\ba | ||
| 100 | _aجميل عيسى كريم | ||
| 245 | 0 | _aالزراعة الحضرية في مركز مدينة اربيل باستخدام نظم المعلومات الجغرافية | |
| 250 | _aچ1 | ||
| 260 |
_bمطبعة شهاب _aاربيل _c2014 |
||
| 300 | _a192 | ||
| 942 | _cBk | ||
| 999 |
_c189293 _d189293 |
||